000 00388nam a2200145Ia 4500
005 20250729165744.0
008 250729s2009 xx 000 0 und d
041 _akan
082 _a372.25 JAYB
100 _aC.V.Jayyanna
_9232191
245 _aB.Ed dvithiya semeser pariksha margadrshi
260 _aBangalore
_bswapna Book House
_c2009
300 _a319p
650 _aEducation
_9232192
999 _c239659
_d239659